[Event "SLO-ch U14"]
[Site "Murska Sobota"]
[Date "2007.02.27"]
[Round "5"]
[White "Kunaver, Jur"]
[Black "Ranfl, Simon"]
[Result "0-1"]
[WhiteElo "1500"]
[BlackElo "1500"]
[PlyCount "82"]
[EventDate "2007.02.25"]
[EventType "swiss"]
[EventRounds "9"]
[EventCountry "SLO"]
[SourceTitle "CBM 117 Extra"]
[Source "ChessBase"]
[SourceDate "2007.05.09"]
[SourceVersion "1"]
[SourceVersionDate "2007.05.09"]
[SourceQuality "1"]

1. e4 e5 2. Nf3 Nc6 3. Nc3 Nf6 4. g3 d5 5. exd5 Nxd5 6. d3 Nxc3 7. bxc3 Bd6 8. Bg2 0-0 9. 0-0 Qf6 10. Bb2 Re8 11. Qe2 Bf5 12. Nh4 Bd7 13. h3 Rab8 14. Rfe1 h6 15. Qh5 Bc5 16. Re2 a5 17. Rf1 Re7 18. Kh2 Bd6 19. Bd5 Nd8 20. Ng6 Re8 21. f4 c6 22. Rfe1 cxd5 23. fxe5 Qxg6 24. Qxg6 fxg6 25. exd6 Rxe2+ 26. Rxe2 Nf7 27. Re7 Rd8 28. Ba3 g5 29. g4 Nh8 30. Bc5 Ng6 31. Bb6 Nxe7 32. Bxd8 Ng6 33. Kg3 a4 34. Kf2 Kf7 35. Ke3 Ke6 36. Bc7 Nf4 37. Kd2 Nxh3 38. c4 Nf2 39. cxd5+ Kxd5 40. d4 Nxg4 41. Kd3 h5 0-1